BIBLIOTECA

SENCICO

Gestión estratégica en unidades de información : (Registro nro. 291)

Detalles MARC
000 -LEADER
fixed length control field 01335nam a2200265Ia 4500
003 - CONTROL NUMBER IDENTIFIER
control field PE SENCICO BE
005 - DATE AND TIME OF LATEST TRANSACTION
control field 20251020182432.0
008 - FIXED-LENGTH DATA ELEMENTS--GENERAL INFORMATION
fixed length control field 200515s9999 xx 000 0 und d
020 ## - INTERNATIONAL STANDARD BOOK NUMBER
International Standard Book Number 978-612-00-18576
040 ## - CATALOGING SOURCE
Original cataloging agency PE SENCICO BE
Transcribing agency PE SENCICO BE
041 ## - LANGUAGE CODE
Language code of text/sound track or separate title spa
082 ## - DEWEY DECIMAL CLASSIFICATION NUMBER
Classification number 025.1
Item number C74
100 1# - MAIN ENTRY--PERSONAL NAME
Personal name Contreras Contreras, Fortunato
9 (RLIN) 1547
Relator term autor
245 10 - TITLE STATEMENT
Title Gestión estratégica en unidades de información :
Remainder of title planeamiento /
Statement of responsibility, etc. Fortunato Contreras Contreras, Fausto Francisco Matos Uribe
250 ## - EDITION STATEMENT
Edition statement 1a ed.
260 ## - PUBLICATION, DISTRIBUTION, ETC.
Place of publication, distribution, etc. Lima :
Name of publisher, distributor, etc. El autor,
Date of publication, distribution, etc. 2015
300 ## - PHYSICAL DESCRIPTION
Extent 134 páginas :
Other physical details tabls.,
Dimensions 21 cm.
504 ## - BIBLIOGRAPHY, ETC. NOTE
Bibliography, etc. note Bibliografía: p. 131-134.
505 0# - FORMATTED CONTENTS NOTE
Formatted contents note Dato, información, conocimiento -- Sistemas -- La organización y su entorno -- Fuerzas internas de la organización -- La unidad de información -- Estrategias -- Planeamiento estratégico -- Diagnóstico estratégico de la unidad de información -- Formulación del plan estratégico de la unidad de información -- Formulación del plan operativo o plan anual de trabajo de la unidad de información -- Control y evaluación del plan operativo
650 10 - SUBJECT ADDED ENTRY--TOPICAL TERM
Topical term or geographic name entry element Administración de bibliotecas
9 (RLIN) 1549
650 20 - SUBJECT ADDED ENTRY--TOPICAL TERM
Topical term or geographic name entry element Planificación estratégica
9 (RLIN) 731
650 20 - SUBJECT ADDED ENTRY--TOPICAL TERM
Topical term or geographic name entry element Organización
9 (RLIN) 1548
700 1# - ADDED ENTRY--PERSONAL NAME
9 (RLIN) 1550
Personal name Matos Uribe, Fausto Francisco
Relator term autor
942 ## - ADDED ENTRY ELEMENTS (KOHA)
Koha item type Libros
Source of classification or shelving scheme Dewey Decimal Classification
Existencias
Fecha de la última vez que lo usaron Número de ingreso o de inventario Pago total Signatura topográfica completa Código de barras Precio efectivo desde Tipo de documento Estado perdido Sistema de clasificación Estado dañado No es para préstamo Retirado Ubicación permanente Ubicación actual Fecha de adquisición Fuente de adquisición
13/09/2023 16690   025.1/C74 BibLima24050042 13/09/2023 Libros   Dewey Decimal Classification       Biblioteca Central Lima Biblioteca Central Lima 08/09/2023 Donado por el Lic. Henry Chavez Sanchez